Statistics for The ULTIMATE Danganronpa Character Quiz

Click here to take the quiz!

General Stats

  • This quiz has been taken 158 times
  • The average score is 48 of 83

Answer Stats

% Correct
Makoto Naegi
91%
Byakuya Togami / Imposter / Ultimate Imposter
88%
Byakuya Togami
87%
Kyoko Kirigiri
86%
Aoi Asahina
84%
Toko Fukawa / Genocide Jack / Genocide Jill
84%
Junko Enoshima
83%
Mukuro Ikusaba / "Junko Enoshima"
83%
Sayaka Maizono
80%
Celestia Ludenberg
79%
Leon Kuwata
79%
Sakura Ogami
79%
Hifumi Yamada
78%
Gundham Tanaka
76%
Ibuki Mioda
76%
Kiyotaka Ishimaru
76%
Monokuma
76%
Peko Pekoyama
76%
Hajime Hinata / Izuru Kamakura
75%
Kazuichi Soda
75%
Kokichi Oma
75%
Mikan Tsumiki
75%
Mondo Owada
75%
Sonia Nevermind
75%
Yasuhiro Hagakure
75%
Kaede Akamatsu
74%
Nagito Komaeda
74%
Chihiro Fujisaki
73%
Shuichi Saihara
73%
Teruteru Hanamura
73%
Chiaki Nanami
72%
Kaito Momota
72%
Mahiru Koizumi
72%
Hiyoko Saionji
71%
Nekomaru Nidai
71%
Akane Owari
69%
Fuyuhiko Kuzuryu
69%
Rantaro Amami
69%
Tenko Chabashira
69%
Maki Harukawa
68%
Miu Iruma
68%
Himiko Yumeno
67%
Usami / Monomi
67%
Gonta Gokuhara
66%
K1-B0 / Keebo
66%
Ryoma Hoshi
66%
Angie Yonaga
65%
Kirumi Tojo
64%
Tsumugi Shirogane
63%
Korekiyo Shinguji
62%
Komaru Naegi
56%
Monaca Towa
54%
Monokid
54%
Monodam
52%
Monotaro
52%
Monophanie
51%
Monosuke
50%
Kotoko Utsugi
44%
Kurokuma
42%
Shirokuma
42%
Masaru Daimon
41%
Nagisa Shingetsu
40%
Haiji Towa
39%
Chisa Yukizome
37%
Jataro Kemuri
37%
Yuta Asahina
37%
Hiroko Hagakure
29%
Ryota Mitarai
28%
Kyosuke Munakata
27%
Taichi Fujisaki
27%
Juzo Sakakura
25%
Seiko Kimura
23%
Ruruka Ando
22%
Great Gozu
21%
Kazuo Tengan
18%
Koichi Kizakura
18%
Natsumi Kuzuryu
17%
Sonosuke Izayoi
17%
Daisaku Bandai
16%
Sato
16%
Miaya Gekkogahara
14%
Daiya Owada
5%
Santa Shikiba
5%

Score Distribution

Percentile by Number Answered

Percent of People with Each Score

Your Score History

You have not taken this quiz